| 000 | 01236cam a22002777a 4500 | ||
|---|---|---|---|
| 999 |
_c14144 _d14144 |
||
| 003 | EG-ScBUE | ||
| 005 | 20191229102638.0 | ||
| 008 | 100621s1995 ua f 001 0 eng d | ||
| 020 | _a9772050692 | ||
| 040 |
_aEG-ScBUE _bara _erda _cEG-ScBUE _dEG-ScBUE |
||
| 082 | 0 | 4 |
_a492.75 _bم ك ي _222 |
| 100 | 1 |
_914975 _aابن مكي، عمر بن خلف، _dت . 501 هـ.، _eمؤلف. |
|
| 245 | 1 | 0 |
_aتثقيف اللسان وتلقيح الجنان / _cلابن مكي الصقلي ت 501 هـ - 1107 م ؛ تحقيق الدكتور عبد العزيز مطر. |
| 264 | 1 |
_aالقاهرة، جمهورية مصر العربية : _bوزارة الأوقاف، المجلس الأعلى للشئون الإسلامية، لجنة إحياء التراث الإسلامي، _c1995. |
|
| 300 |
_a463 صفحة ؛ _c 27 سم |
||
| 336 |
_2rdacontent _aنص _btxt |
||
| 337 |
_2rdamedia _aبدون وسيط _bn |
||
| 338 |
_2rdacarrier _aمجلد _bnc |
||
| 500 | _aيشتمل على كشافات. | ||
| 590 | _amahmoud sami | ||
| 650 | 7 |
_914976 _aاللغة العربية _xأخطاء. _2BUEsh |
|
| 653 |
_bGGEN _cDecember2019 |
||
| 655 | _vReading book | ||
| 700 | 1 |
_aمطر، عبد العزيز، _eمحقق. _931564 |
|
| 942 |
_2ddc _cBB |
||